GÖÇMEN HAYVANLAR (Kayıt no. 747443)

MARC ayrıntıları
000 -LEADER
sabit uzunluktaki kontrol alanı 00245nam a2200097Ia 4500
001 - KONTROL NUMARASI
kontrol alanı 747443
005 - EN SON İŞLEMİN TARİH VE ZAMANI
kontrol alanı 20250826164356.0
008 - SABİT-UZUNLUKTA VERİ ÖĞELERİ--GENEL BİLGİ
sabit uzunluktaki kontrol alanı 250824s9999 xx 000 0 und d
245 #0 - ESER / YAZAR
ESER ADI GÖÇMEN HAYVANLAR
Yazar Adı ASENA MERİÇ
260 ## - YAYIN, DAĞITIM, VB.
YAYIN EVİ YEDİVEREN YAYINLARI
Mevcut
Düşüm durumu Kayıp durumu Hasar Durumu Ödünç verilmez Ana kütüphane Geçerli Kütüphane Edinilen tarih Toplam ödünç verme sayısı Barkod Son görüntüleme tarihi Son ödünç verme tarihi Fiyatın geçerli olmaya başladığı tarih Koha materyal türü
        ŞEHİT ALİ DIĞRAK KÜTÜPHANESİ ŞEHİT ALİ DIĞRAK KÜTÜPHANESİ 24.08.2025 1 10243688 22.10.2025 21.10.2025 26.08.2025 Kitaplar
Gemini Bilgi Teknolojileri A.Ş. tarafından düzenlenmiştir.